Prénoms masculins les plus populaires en M - Statistiques

Statistiques générales
  • Ce quiz a été pris 1 017 fois
  • Le résultat moyen est 14 sur 38
Statistiques - réponses
Hint Réponse % Correct
Ma Marc
74%
Ma Matthieu
73%
Mi Michel
69%
Ma Mathieu
66%
Ma Martin
65%
Ma Mathis
65%
Ma Max
65%
Ma Maxime
62%
Ma Maurice
54%
Ma Mathéo
52%
Ma Marcel
49%
Ma Mattéo
49%
Mo Mohamed
47%
Ma Mathias
44%
Ma Malo
42%
Ma Maxence
42%
Mi Mickael
42%
Ma Maël
40%
Mi Milo
37%
Ma Matéo
35%
Mi Michael
35%
Ma Marin
34%
Ma Maximilien
28%
Ma Marius
27%
Ma Manuel
25%
Ma Mathys
23%
Ma Marceau
22%
Mi Miguel
22%
Me Melvin
20%
Me Medhi
19%
Ma Marcus
18%
Ma Marvin
18%
Ma Malik
17%
Ma Mamadou
12%
Ma Mahé
10%
Mo Mourad
6%
Mi Milann
5%
Ma Malaury
2%
Aucun quiz correspondant
Distribution des résultats
% des personnes avec chaque résultat
Percentile par nombre de réponses
Votre historique - résultats
Vous n’avez pas pris ce quiz